000 002820000a22000970004500
100 1 _aBonilla Ríos, Daniel
245 1 0 _aEl mensaje a las siete iglesias : Apocalipsis 1.9 - 3.23
300 _aVol. 21, Num. 1 (Mayo, 2001), Páginas 63-72
773 0 _tVida y pensamiento
942 _cANA
999 _c53149
_d53149